000 00286nam a22001337a 4500
008 171106b xxu||||| |||| 00| 0 eng d
020 _a9781121920828
041 _aeng
080 _a3300.722.6
100 _a61
101 _aKON
245 _aACCOUTING
_cCARLETON.D
942 _2udc
_cBK
999 _c37743
_d37743